| 000 | 00777nam a2200181 i 4500 | ||
|---|---|---|---|
| 001 | 172987 | ||
| 003 | ES-MaACL | ||
| 005 | 20251011063154.0 | ||
| 008 | 091002s1879 sp |||| | spa d | ||
| 080 | _a821.134.2-2"18" | ||
| 100 | 1 |
_aCavestany, Juan Antonio, _d1861-1924 _937192 |
|
| 245 | 1 | 3 |
_aEl casino _b: drama en tres actos y en verso / _coriginal de Juan Antonio Cavestany. |
| 260 |
_aMadrid : _b[s.n.], _c1879 ( _fImp. de Fortanet) |
||
| 300 |
_a199 p. ; _c18 cm. |
||
| 500 | _aEn port.: Representado por primera vez en el Teatro de Apolo... el día 9 de enero de 1879. | ||
| 852 |
_aES-MaACL _jF-8601(5) _q.- Falto de la cub. original _zEnc. en vol. facticio formando parte de la col. facticia "Teatro español moderno", vol. 54 |
||
| 999 |
_c172987 _d172987 |
||